000 00682nam a2200229 a 4500
001 1646469
005 20180105084814.0
008 960925s1996 fr a b 100 0 fre
010 _a 96200404
020 _a2713212065
040 _aDLC
_cDLC
041 _aeng
043 _ae------
080 _a91 jam
100 _a91 jam
101 _a45
245 0 0 _aSciences et langues en Europe /
_csous la direction de Roger Chartier & Pietro Corsi.
504 _aIncludes bibliographical references.
906 _a7
_bcbc
_corignew
_d2
_encip
_f19
_gy-gencatlg
942 _2ddc
_cBK
999 _c39814
_d39814